| 000 | 00000nam##2200000za#4500 |
| 001 | 9.530100 |
| 003 | CaOODSP |
| 005 | 20200331230041 |
| 007 | ta |
| 008 | 150406|1998||||xxc||||| f|0| 0 eng|d |
| 020 | |a0-662-63378-4 |
| 040 | |aCaOODSP|beng |
| 041 | |aeng |
| 041 | |afre |
| 043 | |an-cn--- |
| 086 | 1 |aC21-24/19-1998 |
| 110 | 1 |aCanada.|bIndustry Canada. |bMicro-Economic Analysis Directorate. |
| 245 | 10|aInter-industry and U.S. R&D spillovers, Canadian industrial production and productivity growth / |cby Jeffrey I. Berstein. |
| 260 | |aOttawa - Ontario : |bIndustry Canada. |c1998. |
| 300 | |aEnglish text, iii, 30p. : |bgraphs, tables ; |c28 cm. |
| 490 | 1 |aWorking paper|v19 |
| 500 | |a"The purpose of this study is to investigate the extent to which inter-industry and intra-industry R&D spillovers exist from U.S. to Canadian industries, and to determine the production cost, factor intensity (that is, input per unit of output) and productivity growth effects associated with these spillovers"--Executive summary. |
| 504 | |aBibliography. |
| 520 | 3 |aThe purpose of this study is to investigate the extent to which inter-industry and intra-industry R&D spillovers exist from U.S. to Canadian industries, and to determine the production cost, factor intensity (that is, input per unit of output) and productivity growth effects associated with these spillovers--Executive summary |
| 546 | |aBilingual |
| 563 | |aSoftcover |
| 590 | |a98-11|b1998-03-13 |
| 690 | 07|aIndustrial productivity|2gcpds |
| 720 | 1 |aBernstein, Jeffrey I. |
| 776 | 0#|tInter-industry and U.S. R&D spillovers, Canadian industrial production and productivity growth / |w(CaOODSP)9.570582 |
| 776 | 0#|tRetombées de la R-D entre industries et en provenance des États-Unis, production industrielle et croissance de la productivité au Canada / |w(CaOODSP)9.601231 |
| 792 | |tRetombées de la R-D entre industries et en provenance des États-Unis, production industrielle et croissance de la productivité au Canada / |efre|w(CaOODSP)9.530101 |
| 830 | #0|aWorking paper ;|v19|w(CaOODSP)9.509052 |